中國神話故事

資料類型: Book 圖書   書目號:39821

Leader xxxxxxxxxx
001 __ PCLIS00039821
005 __ 20081224141024.24
010 0_ |a957-|b平裝|dNT$60
020 __ |acw|b82005151
100 __ |a20081224d2008        0chib0109    e
101 0_ |achi
102 __ |acw
105 __ |aa   z   000yy
200 1_ |a中國神話故事|e|f河洛圖書出版社編譯|g
205 __ |a初版
210 __ |a臺北市|c河洛圖書|d民65年
215 0_ |a|c圖, 表|d公分
225 1_ |a|v
300 __ |a
681 __ |a857.4|b
700 __ |a河洛圖書出版社|b|4編譯
702 _1 |a|b|4
801 __ |acw|b本館|c20081224
  
  
  
  
  
  
  
  
  
  
  
  
  
  
  
  
  
  
詳細館藏(共 1 筆)
索 書 號登 錄 號冊次號館別 / 館藏地流通類型狀態加入預約清單電子資源
857.4 / 8439 2016822  圖書館 / 一樓普通區 可外借30天 在館   

| 條列資料




目錄查詢 分類查詢 個人資料 圖書薦購 新書查詢 閉館日 排行榜 更多電子資源 Hami書城 線上資料庫 登出

From : 216.73.217.52

  本日流通累計至 08:36:43 借閱 : 0 次 續借 : 0 次 歸還 : 0 次 預約 : 0 次 電子資源 : 0 次


內湖高中圖書館  PCLIS 版本  26.5.0.12